Biología 1er año de Educación Media: texto para el estudiante
Saved in:
| Hovedforfatter: | |
|---|---|
| Format: | Bog |
| Sprog: | spansk |
| Udgivet: |
Santiago
Pearson Educación
2005
|
| Udgivelse: | 1a. ed |
| Fag: | |
| Tags: |
Tilføj Tag
Ingen Tags, Vær først til at tagge denne postø!
|
MARC
| LEADER | 00000nam a2200000 a 4500 | ||
|---|---|---|---|
| 001 | UCI7798 | ||
| 003 | CL-VaPUC | ||
| 008 | 080725e20050000CL |||||||||||||||||spa|d | ||
| 020 | |a 9567983054 | ||
| 082 | 0 | 4 | |a 570.712 |b EDW |2 21 |
| 100 | 0 | |a Edwards Karlström, Ana Sara |e author |9 531090 | |
| 245 | 1 | 0 | |a Biología 1er año de Educación Media: texto para el estudiante |
| 250 | |a 1a. ed | ||
| 300 | |a 163 p | ||
| 942 | |c BK | ||
| 945 | |d 20080725 00:00:00 |a rbrito | ||
| 260 | |a Santiago |b Pearson Educación |c 2005 | ||
| 500 | |a Complementario con guía didáctica para el profesor | ||
| 650 | 0 | |a Enseñanza de la biología |9 338701 | |
| 650 | 0 | |a Biología |9 262022 | |
| 650 | 0 | |a Métodos de enseñanza |9 270413 | |
| 583 | |a last modification |c 20171004 12:17:27 |k Rodrigo Vera | ||
| 999 | |c 330944 |d 330942 | ||
| 952 | |0 0 |1 0 |4 0 |6 570_712000000000000_EDW_2005 |7 0 |8 A |9 416911 |a BIBEDU |b BIBEDU |d 2019-11-22 |i 4463218 |l 1 |o 570.712 EDW 2005 |p 4463218 |r 2023-12-20 |s 2023-12-20 |w 2019-11-22 |y BK |k EDU | ||
| 952 | |0 0 |1 0 |4 0 |6 570_712000000000000_EDW_2005 |7 0 |8 A |9 416913 |a BIBEDU |b BIBEDU |d 2019-11-22 |i 4421906 |o 570.712 EDW 2005 |p 4421906 |r 2019-11-22 |w 2019-11-22 |y BK |k EDU | ||